| 000 | 003010000a22001090004500 | ||
|---|---|---|---|
| 090 |
_aAS _bSeriadas |
||
| 245 | 1 | 0 | _aNotas sobre empleo de pipetas capilares en microscopia |
| 041 | 0 | _aEspaƱol | |
| 100 | 1 |
_aOsorno Mesa, Hernando _999351 |
|
| 942 | _cARTICULO | ||
| 773 | 1 |
_tCaldasia _345 _h20 _q469-469 _d1947 _g4 |
|
| 999 |
_c14768 _d14768 |
||